| 000 | 00877nas a2200277 i 4500 | ||
|---|---|---|---|
| 001 | 189 | ||
| 003 | ES-MaACL | ||
| 005 | 20250814224215.0 | ||
| 007 | t| | ||
| 008 | 950801c1890 xxu | | 1 ||ng d | ||
| 080 | _a06 | ||
| 245 | 0 | 0 | _aAnnals of the American Academy of Political and Social Science. |
| 260 |
_aPhiladelphia : _bAmerican Academy of Political and Social Science, _c1890- |
||
| 300 |
_a65 v. ; _c24 cm. |
||
| 310 | _aBimestral | ||
| 321 |
_aTrimestral, _b1890-1891 |
||
| 362 | 1 | _aV. I (jul. 1890)- | |
| 525 | _aLos suplementos van colocados al final de la revista. | ||
| 650 | 1 | 7 |
_aCiencias sociales _2embne _910988 |
| 650 | 4 |
_aInstituciones cientÃficas y diversas _913829 |
|
| 710 | 0 |
_aAmerican Academy of Political and Social Science. _91346 |
|
| 852 |
_aES-MaACL _jHEM-95 |
||
| 866 | 0 | _o1890-1920,(1932)1933. | |
| 942 | _2udc | ||
| 999 |
_c189 _d189 |
||